000 00714nam a22001817a 4500
003 UA-OsUOA
001 14980
007 ta
008 20031027b un ||||| |||| 00| 0 ukr d
100 _aГладуненко О.
942 _cSA
040 _aUA-OsUOA
_cUA-OsUOA
_dUA-OsUOA
245 _aХарада, абечедар, анбан, алиппе: ["Букварі" різними мовами зберігаються в Музеї книги і друкарства Держ. іст.-культ. заповідника м.Острога]
300 _aС.5
955 _a0
773 0 _w0
_tВільне слово
_dРівне
_d2003
_g№59/30 лип./
650 7 _aКраєзнавча робота
_2UDC
999 _c301145
_d301145